[Event "Euskadi-ch Seniors 28th"]
[Site "Zarautz"]
[Date "2018.06.23"]
[Round "5"]
[White "Besga Lopez, Jose Angel"]
[Black "Zubia Aramburu, Mikel"]
[Result "1-0"]
[WhiteElo "2111"]
[BlackElo "1735"]
[PlyCount "53"]
[EventDate "2018.06.23"]
[EventType "swiss"]
[EventRounds "6"]
[EventCountry "ESP"]
[SourceTitle "EXT 2021"]
[Source "ChessBase"]
[SourceDate "2020.10.23"]
[SourceVersion "1"]
[SourceVersionDate "2020.10.23"]
[SourceQuality "1"]

1. e4 c6 2. d4 d5 3. exd5 cxd5 4. c4 Nf6 5. Nc3 Nc6 6. Nf3 Bg4 7. cxd5 Nxd5 8. Be2 e6 9. 0-0 Be7 10. h3 Bh5 11. Ne5 Bxe2 12. Nxe2 Nxe5 13. dxe5 0-0 14. Nf4 Nxf4 15. Bxf4 Qxd1 16. Rfxd1 Rad8 17. Rxd8 Rxd8 18. Rc1 g5 19. Be3 b6 20. Rc7 Bc5 21. Bxg5 Rd1+ 22. Kh2 Bxf2 23. Bh6 Bh4 24. Rxa7 Rd3 25. Ra8+ Rd8 26. Ra4 Bf2 27. Rg4+ 1-0

[Event "Euskadi-ch Seniors 28th"]
[Site "Zarautz"]
[Date "2018.06.23"]
[Round "2"]
[White "Zubia Aramburu, Mikel"]
[Black "Martinez de Soria Gordon, Jose Manuel"]
[Result "1-0"]
[WhiteElo "1735"]
[BlackElo "1923"]
[PlyCount "115"]
[EventDate "2018.06.23"]
[EventType "swiss"]
[EventRounds "6"]
[EventCountry "ESP"]
[SourceTitle "EXT 2021"]
[Source "ChessBase"]
[SourceDate "2020.10.23"]
[SourceVersion "1"]
[SourceVersionDate "2020.10.23"]
[SourceQuality "1"]

1. c4 Nf6 2. Nc3 e6 3. g3 Bb4 4. Bg2 0-0 5. Qb3 Na6 6. a3 Bxc3 7. Qxc3 d5 8. cxd5 Nxd5 9. Qc2 c6 10. Nf3 Bd7 11. 0-0 Rc8 12. b3 c5 13. Bb2 Bb5 14. Rfe1 c4 15. Nd4 cxb3 16. Qxb3 Bc6 17. Rac1 Qb6 18. Bxd5 exd5 19. Qxb6 axb6 20. Nf5 Rce8 21. Bxg7 Re4 22. d3 Ra4 23. Bxf8 Kxf8 24. Rc3 Nc5 25. Rb1 Ra6 26. Nd4 Bd7 27. Nc2 Be6 28. f3 Ke7 29. d4 Na4 30. Rc7+ Kd8 31. Rxb7 Kc8 32. Re7 Nc3 33. Rb3 Nxe2+ 34. Kf2 Nc1 35. Re3 Kd8 36. R7xe6 fxe6 37. Rxe6 Kd7 38. Rh6 Nd3+ 39. Ke3 Nb2 40. Rxh7+ Kd6 41. Rh6+ Kd7 42. g4 Nc4+ 43. Kf4 Nxa3 44. Nxa3 Rxa3 45. Rxb6 Rd3 46. Rb4 Ke6 47. h4 Kf6 48. h5 Kg7 49. g5 Kf7 50. Kg4 Kg7 51. f4 Kf7 52. Kf5 Kg7 53. Rb7+ Kf8 54. Ke5 Rf3 55. f5 Rh3 56. Kf6 Ke8 57. h6 Re3 58. h7 1-0

[Event "San Sebastian Gros op 27th"]
[Site "San Sebastian"]
[Date "2017.06.23"]
[Round "1"]
[White "Zubia Aramburu, Mikel"]
[Black "Alonso Bouza, Julio Javier"]
[Result "0-1"]
[WhiteElo "1726"]
[BlackElo "2385"]
[PlyCount "40"]
[EventDate "2017.06.23"]
[EventType "swiss"]
[EventRounds "9"]
[EventCountry "ESP"]
[SourceTitle "CBM 179 Extra"]
[Source "ChessBase"]
[SourceDate "2017.08.23"]
[SourceVersion "1"]
[SourceVersionDate "2017.08.23"]
[SourceQuality "1"]

1. c4 g6 2. Nc3 Bg7 3. g3 d6 4. Bg2 Nd7 5. e3 e5 6. Nge2 Ne7 7. 0-0 0-0 8. d4 f5 9. dxe5 dxe5 10. e4 c6 11. Bg5 h6 12. Bxe7 Qxe7 13. b3 f4 14. gxf4 exf4 15. f3 Ne5 16. Qc2 g5 17. Rad1 g4 18. Qd2 gxf3 19. Bxf3 Bh3 20. Rf2 Nxf3+ 0-1

[Event "Donostia Spring op 13th"]
[Site "Donostia"]
[Date "2017.06.10"]
[Round "7.9"]
[White "Izagirre Alsua, Aritz"]
[Black "Zubia Aramburu, Mikel"]
[Result "1-0"]
[WhiteElo "1897"]
[BlackElo "1726"]
[PlyCount "67"]
[EventDate "2017.04.29"]
[EventType "swiss"]
[EventRounds "7"]
[EventCountry "ESP"]
[SourceTitle "EXT 2024"]
[Source "ChessBase"]
[SourceDate "2023.10.10"]
[SourceVersion "1"]
[SourceVersionDate "2023.10.10"]
[SourceQuality "1"]

1. e4 c6 2. d3 d5 3. Nd2 Nf6 4. Ngf3 Bg4 5. h3 Bxf3 6. Qxf3 dxe4 7. dxe4 Nbd7 8. Qf4 e6 9. Be2 Be7 10. 0-0 0-0 11. Nb3 Rc8 12. Be3 Qc7 13. Rad1 Rfd8 14. Qxc7 Rxc7 15. Bg5 h6 16. Bh4 Kf8 17. Bg3 Rcc8 18. Bf3 Nb6 19. Na5 Na4 20. Nxb7 Rxd1 21. Rxd1 Nxb2 22. Rc1 Nc4 23. Be2 Nb6 24. f3 Nbd7 25. c4 Nc5 26. Na5 Na4 27. Nb7 Ba3 28. Rc2 Ke7 29. c5 Ne8 30. Kf1 f6 31. Nd6 Rb8 32. Nf5+ exf5 33. Bxb8 Bxc5 34. Rc4 1-0

[Event "San Sebastian Primavera de Gros op 11th"]
[Site "San Sebastian"]
[Date "2015.05.09"]
[Round "3"]
[White "Lakunza Oyarbide, Juan Carlos"]
[Black "Zubia Aramburu, Mikel"]
[Result "1-0"]
[WhiteElo "2092"]
[BlackElo "1757"]
[PlyCount "51"]
[EventDate "2015.04.25"]
[EventType "swiss"]
[EventRounds "8"]
[EventCountry "ESP"]
[SourceTitle "EXT 2019"]
[Source "ChessBase"]
[SourceDate "2018.10.10"]
[SourceVersion "1"]
[SourceVersionDate "2018.10.10"]
[SourceQuality "1"]

1. d4 d5 2. c4 c6 3. Nf3 Nf6 4. Nc3 e6 5. e3 Nbd7 6. Bd3 dxc4 7. Bxc4 b5 8. Bd3 a6 9. e4 Be7 10. Bg5 Bb7 11. e5 Nd5 12. Ne4 0-0 13. Nd6 Qa5+ 14. Bd2 Qc7 15. Nxb7 Qxb7 16. Rc1 Rac8 17. h4 c5 18. Bxh7+ Kh8 19. Ng5 g6 20. h5 cxd4 21. Rxc8 Qxc8 22. hxg6 Nxe5 23. Qh5 Nd3+ 24. Kf1 Ne3+ 25. Bxe3 dxe3 26. g7+ 1-0

[Event "San Sebastian Gros op 24th"]
[Site "San Sebastian"]
[Date "2014.09.23"]
[Round "4"]
[White "Zubia Aramburu, Mikel"]
[Black "Tung, Siu Hung"]
[Result "0-1"]
[WhiteElo "1789"]
[BlackElo "1894"]
[PlyCount "60"]
[EventDate "2014.09.21"]
[EventType "swiss"]
[EventRounds "9"]
[EventCountry "ESP"]
[SourceTitle "EXT 2015"]
[Source "ChessBase"]
[SourceDate "2014.11.20"]
[SourceVersion "1"]
[SourceVersionDate "2014.11.20"]
[SourceQuality "1"]

1. c4 e5 2. Nc3 Nf6 3. g3 d6 4. Bg2 g6 5. Nf3 Bg7 6. d3 0-0 7. Bg5 h6 8. Bd2 Nc6 9. 0-0 Bd7 10. Rb1 Qc8 11. Re1 Bh3 12. Bh1 Ng4 13. b4 f5 14. Nd5 Qd7 15. b5 Ne7 16. Nh4 Kh7 17. Nxe7 Qxe7 18. Bxb7 Rab8 19. Bg2 Bxg2 20. Nxg2 e4 21. h3 Nf6 22. Ne3 Rbe8 23. d4 f4 24. Nc2 e3 25. Bxe3 fxe3 26. Nxe3 Ne4 27. Nd5 Qg5 28. h4 Qg4 29. e3 Rf3 30. Nf4 Nxf2 0-1

[Event "San Sebastian Gros op 24th"]
[Site "San Sebastian"]
[Date "2014.09.21"]
[Round "2"]
[White "Zubia Aramburu, Mikel"]
[Black "Riesco Lecuona, Juan Manuel"]
[Result "0-1"]
[WhiteElo "1789"]
[BlackElo "1966"]
[PlyCount "52"]
[EventDate "2014.09.21"]
[EventType "swiss"]
[EventRounds "9"]
[EventCountry "ESP"]
[SourceTitle "EXT 2015"]
[Source "ChessBase"]
[SourceDate "2014.11.20"]
[SourceVersion "1"]
[SourceVersionDate "2014.11.20"]
[SourceQuality "1"]

1. c4 f5 2. Nc3 Nf6 3. g3 e6 4. Bg2 c6 5. e3 d5 6. cxd5 exd5 7. Nge2 Bd6 8. 0-0 0-0 9. d4 Nbd7 10. Rb1 Ne4 11. b4 Rf6 12. b5 Rh6 13. Nxe4 fxe4 14. f3 Nf6 15. Nf4 Bxf4 16. exf4 Bf5 17. Rb2 Qe7 18. g4 exf3 19. Bxf3 Nxg4 20. Bxg4 Bxg4 21. Qe1 Qf7 22. f5 Rf6 23. bxc6 bxc6 24. Qe5 h6 25. Rb8+ Rxb8 26. Qxb8+ Kh7 0-1

[Event "Donostia Gipuzkoa-ch"]
[Site "San Sebastian"]
[Date "2013.10.05"]
[Round "1"]
[White "Lakunza Oyarbide, Juan Carlos"]
[Black "Zubia Aramburu, Mikel"]
[Result "1-0"]
[WhiteElo "2120"]
[BlackElo "1820"]
[PlyCount "35"]
[EventDate "2013.10.05"]
[EventType "swiss"]
[EventRounds "7"]
[EventCountry "ESP"]
[SourceTitle "EXT 2015"]
[Source "ChessBase"]
[SourceDate "2014.11.20"]
[SourceVersion "1"]
[SourceVersionDate "2014.11.20"]
[SourceQuality "1"]

1. d4 d5 2. Nf3 Nf6 3. c4 c6 4. Nc3 e6 5. e3 Be7 6. Bd3 dxc4 7. Bxc4 b5 8. Bd3 a6 9. e4 Bb7 10. Bg5 Nbd7 11. e5 Nd5 12. Bxe7 Qxe7 13. Ne4 0-0 14. Nd6 Rab8 15. Rc1 Ba8 16. Qd2 Qd8 17. Ng5 h6 18. Bh7+ 1-0

[Event "Euskadi-ch Seniors"]
[Site "Zarautz"]
[Date "2013.06.16"]
[Round "5"]
[White "Aizpurua Zufiria, Inaki"]
[Black "Zubia Aramburu, Mikel"]
[Result "0-1"]
[WhiteElo "1590"]
[BlackElo "1828"]
[PlyCount "64"]
[EventDate "2013.06.15"]
[EventType "swiss"]
[EventRounds "6"]
[EventCountry "ESP"]
[SourceTitle "EXT 2015"]
[Source "ChessBase"]
[SourceDate "2014.11.20"]
[SourceVersion "1"]
[SourceVersionDate "2014.11.20"]
[SourceQuality "1"]

1. e4 c6 2. d4 d5 3. Nc3 dxe4 4. Nxe4 Nf6 5. Ng3 h5 6. Bc4 Bg4 7. f3 h4 8. N3e2 Bf5 9. Be3 e6 10. a3 Bd6 11. Qd2 Qc7 12. Bf4 Bxf4 13. Nxf4 e5 14. Nfe2 e4 15. 0-0-0 Nbd7 16. Nc3 Nb6 17. Ba2 0-0-0 18. Nge2 h3 19. g4 exf3 20. gxf5 fxe2 21. Nxe2 Nbd5 22. c3 Ne4 23. Qe1 Ne3 24. Rd3 Nxf5 25. Qf1 g6 26. Bb1 Qe7 27. Rd1 Qg5+ 28. Nf4 Ne3 29. Rg1 Nxf1 30. Rxg5 Nxg5 31. Rxf1 Rh4 32. Kd2 Re8 0-1

[Event "Euskadi-ch Seniors"]
[Site "Zarautz"]
[Date "2013.06.15"]
[Round "2"]
[White "Vinal Gutierrez, Pedro"]
[Black "Zubia Aramburu, Mikel"]
[Result "1-0"]
[WhiteElo "2063"]
[BlackElo "1828"]
[PlyCount "63"]
[EventDate "2013.06.15"]
[EventType "swiss"]
[EventRounds "6"]
[EventCountry "ESP"]
[SourceTitle "EXT 2015"]
[Source "ChessBase"]
[SourceDate "2014.11.20"]
[SourceVersion "1"]
[SourceVersionDate "2014.11.20"]
[SourceQuality "1"]

1. d4 d5 2. e3 Nf6 3. Bd3 Bg4 4. Ne2 e6 5. f3 Bh5 6. Nf4 Bg6 7. Nxg6 hxg6 8. Nd2 Bd6 9. f4 Nbd7 10. b3 Nh5 11. 0-0 g5 12. g3 gxf4 13. exf4 Qf6 14. Nf3 0-0-0 15. Ne5 Nxg3 16. hxg3 Qh6 17. Kf2 Nxe5 18. fxe5 Qh2+ 19. Kf3 Bb4 20. Bf4 Qh5+ 21. g4 Qh3+ 22. Kf2 Bc3 23. Be2 c5 24. dxc5 Bxa1 25. Qxa1 Qh4+ 26. Bg3 Qg5 27. Qc1 Qg6 28. Qd2 f5 29. c6 fxg4 30. Ke1 Rh3 31. Qb4 b6 32. Qd6 1-0

[Event "Donostia Gipuzkoa-ch"]
[Site "San Sebastian"]
[Date "2012.11.24"]
[Round "6"]
[White "Tung, Siu Hung"]
[Black "Zubia Aramburu, Mikel"]
[Result "1-0"]
[WhiteElo "1895"]
[BlackElo "1786"]
[PlyCount "65"]
[EventDate "2012.10.20"]
[EventType "swiss"]
[EventRounds "7"]
[EventCountry "ESP"]
[SourceTitle "EXT 2014"]
[Source "ChessBase"]
[SourceDate "2013.11.20"]
[SourceVersion "1"]
[SourceVersionDate "2013.11.20"]
[SourceQuality "1"]

1. e4 c6 2. d4 d5 3. e5 Bf5 4. Nf3 e6 5. Be2 c5 6. Nbd2 Nc6 7. Nb3 c4 8. Nbd2 Bb4 9. c3 Ba5 10. 0-0 Nge7 11. Nh4 Bg6 12. f4 h6 13. Bg4 Bd3 14. Be2 Bh7 15. Qe1 b5 16. g4 b4 17. Qg3 bxc3 18. bxc3 g5 19. Ng2 Ng6 20. f5 Nf8 21. Ba3 Nxd4 22. Bd1 Qb6 23. Kh1 Nb5 24. Ba4 0-0-0 25. Rab1 a6 26. Bb4 Nd7 27. Bxb5 axb5 28. a4 Bxb4 29. Rxb4 Qc7 30. Rxb5 Qxe5 31. Qf2 Qd6 32. Qa7 Qc6 33. Rfb1 1-0

[Event "Donostia Gipuzkoa-ch"]
[Site "San Sebastian"]
[Date "2012.10.20"]
[Round "1"]
[White "Fernandez Zubitur, Jokin"]
[Black "Zubia Aramburu, Mikel"]
[Result "1-0"]
[WhiteElo "1961"]
[BlackElo "1786"]
[PlyCount "109"]
[EventDate "2012.10.20"]
[EventType "swiss"]
[EventRounds "7"]
[EventCountry "ESP"]
[SourceTitle "EXT 2014"]
[Source "ChessBase"]
[SourceDate "2013.11.20"]
[SourceVersion "1"]
[SourceVersionDate "2013.11.20"]
[SourceQuality "1"]

1. e4 c6 2. d4 d5 3. Nc3 dxe4 4. Nxe4 Nf6 5. Nxf6+ exf6 6. Bc4 Nd7 7. Ne2 Bd6 8. 0-0 0-0 9. c3 Qc7 10. Ng3 c5 11. Bb3 cxd4 12. Qxd4 Bxg3 13. hxg3 Qe5 14. Qh4 Qf5 15. Be3 Ne5 16. Rad1 Ng6 17. Qb4 b6 18. Rd5 Qg4 19. Rd4 Qh5 20. Rfd1 Be6 21. g4 Qc5 22. Bxe6 fxe6 23. Qxc5 bxc5 24. Rd6 e5 25. Bxc5 Rfc8 26. Be3 Rab8 27. R1d2 Rb7 28. Rd7 Rcc7 29. Rxc7 Rxc7 30. Rd8+ Kf7 31. Ra8 Ke6 32. Rxa7 Rxa7 33. Bxa7 Nf4 34. Kf1 Kd5 35. b3 Nd3 36. c4+ Kc6 37. Be3 g6 38. Ke2 Nb4 39. a4 f5 40. gxf5 gxf5 41. g3 h5 42. Kd2 Na6 43. Kc3 Nc7 44. b4 Ne6 45. b5+ Kb7 46. c5 f4 47. c6+ Kc7 48. Ba7 e4 49. Kc4 e3 50. fxe3 fxg3 51. Kd5 Nd8 52. b6+ Kc8 53. e4 h4 54. a5 h3 55. a6 1-0

[Event "San Sebastian Gros op 22nd"]
[Site "San Sebastian"]
[Date "2012.09.25"]
[Round "6"]
[White "Zubia Aramburu, Mikel"]
[Black "Segovia Sanchez, Antonio"]
[Result "0-1"]
[WhiteElo "1791"]
[BlackElo "2004"]
[PlyCount "62"]
[EventDate "2012.09.20"]
[EventType "swiss"]
[EventRounds "8"]
[EventCountry "ESP"]
[SourceTitle "EXT 2013"]
[Source "ChessBase"]
[SourceDate "2012.11.22"]
[SourceVersion "1"]
[SourceVersionDate "2012.11.22"]
[SourceQuality "1"]

1. c4 e5 2. Nc3 Nf6 3. g3 Bc5 4. Bg2 0-0 5. e3 d6 6. Nge2 c6 7. 0-0 Bg4 8. d4 Bb6 9. h3 Bxe2 10. Nxe2 a5 11. b3 Na6 12. Bb2 Qe7 13. Qd2 Rfe8 14. Nc3 Rad8 15. d5 e4 16. dxc6 bxc6 17. Na4 Bc7 18. Bc3 d5 19. c5 Nxc5 20. Bxa5 Nxa4 21. Bxc7 Qxc7 22. bxa4 Ra8 23. Qc2 c5 24. Rfc1 c4 25. Rab1 Qc6 26. Rb4 Nd7 27. Rcb1 Nc5 28. Rb5 Nxa4 29. Qd2 Rec8 30. Rxd5 Nc3 31. Bxe4 Nxe4 0-1

[Event "San Sebastian Primavera de Gros op 8th"]
[Site "San Sebastian"]
[Date "2012.05.19"]
[Round "5"]
[White "Zubia Aramburu, Mikel"]
[Black "Sanchez Ruesga, Carlos"]
[Result "0-1"]
[WhiteElo "1828"]
[BlackElo "1436"]
[PlyCount "126"]
[EventDate "2012.04.21"]
[EventType "swiss"]
[EventRounds "7"]
[EventCountry "ESP"]
[SourceTitle "EXT 2014"]
[Source "ChessBase"]
[SourceDate "2013.11.20"]
[SourceVersion "1"]
[SourceVersionDate "2013.11.20"]
[SourceQuality "1"]

1. c4 c5 2. Nc3 Nc6 3. g3 g6 4. Bg2 Bg7 5. e3 e6 6. Nge2 Nf6 7. 0-0 0-0 8. d4 cxd4 9. exd4 d5 10. cxd5 Nxd5 11. Nxd5 exd5 12. Be3 Re8 13. Nf4 Be6 14. Rc1 Na5 15. b3 Qd7 16. Nxe6 fxe6 17. Qd2 Nc6 18. Rfd1 Rac8 19. Rc5 Ne7 20. Rdc1 Rxc5 21. dxc5 Nf5 22. Bf4 Rc8 23. b4 Kh8 24. Re1 Kg8 25. Rxe6 d4 26. Re1 a5 27. a3 axb4 28. axb4 Qf7 29. Be5 Ra8 30. Bxg7 Kxg7 31. Qd3 Qd7 32. Bh3 Rd8 33. Re5 Kf6 34. Re4 Qd5 35. Bg2 Ra8 36. Re1 Qd7 37. Qe4 Ra7 38. g4 Ne7 39. Qe5+ Kf7 40. g5 Ra6 41. Qh8 d3 42. Bf1 Ra2 43. Qxh7+ Kf8 44. Qh8+ Ng8 45. Qh4 Qf5 46. Rd1 d2 47. Qg3 Ne7 48. Bd3 Qe6 49. Qf3+ Nf5 50. Be4 Kg7 51. Qc3+ Kh7 52. f3 Qd7 53. Qd3 Qxd3 54. Bxd3 Ne3 55. Rxd2 Rxd2 56. Be4 Rd7 57. b5 Rc7 58. c6 bxc6 59. bxc6 Nc4 60. h4 Kg7 61. f4 Na5 62. f5 gxf5 63. Bxf5 Nxc6 0-1

[Event "San Sebastian Primavera de Gros op 8th"]
[Site "San Sebastian"]
[Date "2012.04.28"]
[Round "2"]
[White "Argandona Riveiro, Inigo"]
[Black "Zubia Aramburu, Mikel"]
[Result "1-0"]
[WhiteElo "2388"]
[BlackElo "1828"]
[PlyCount "51"]
[EventDate "2012.04.21"]
[EventType "swiss"]
[EventRounds "7"]
[EventCountry "ESP"]
[SourceTitle "EXT 2014"]
[Source "ChessBase"]
[SourceDate "2013.11.20"]
[SourceVersion "1"]
[SourceVersionDate "2013.11.20"]
[SourceQuality "1"]

1. e4 c6 2. c4 d5 3. exd5 cxd5 4. cxd5 Qxd5 5. Nc3 Qa5 6. Bc4 Nf6 7. Nf3 Nc6 8. 0-0 e6 9. d4 Be7 10. a3 0-0 11. Qe2 a6 12. Rd1 b5 13. Bd3 Bb7 14. Bg5 h6 15. Bh4 Qc7 16. Rac1 Qd7 17. Bb1 Rac8 18. d5 exd5 19. Bxf6 Bxf6 20. Nxd5 Qe6 21. Qxe6 fxe6 22. Nxf6+ Rxf6 23. Rd6 Ne7 24. Rxc8+ Nxc8 25. Rd8+ Rf8 26. Bh7+ 1-0

[Event "San Sebastian KO GpB"]
[Site "San Sebastian"]
[Date "2011.12.29"]
[Round "1"]
[White "Zubia Aramburu, Mikel"]
[Black "Irulegi Garmendia, Jose Antonio"]
[Result "1-0"]
[WhiteElo "1813"]
[BlackElo "1527"]
[PlyCount "57"]
[EventDate "2011.12.28"]
[EventType "k.o."]
[EventRounds "5"]
[EventCountry "ESP"]
[SourceTitle "EXT 2024"]
[Source "ChessBase"]
[SourceDate "2023.10.10"]
[SourceVersion "1"]
[SourceVersionDate "2023.10.10"]
[SourceQuality "1"]

1. c4 c5 2. Nf3 Nc6 3. Nc3 b6 4. g3 Bb7 5. Bg2 e6 6. 0-0 Nf6 7. b3 Qc7 8. d3 0-0-0 9. Bb2 d5 10. Ng5 Rd7 11. cxd5 Nxd5 12. Nge4 Kb8 13. Nb5 Qd8 14. a4 a6 15. Nbc3 f6 16. Nxd5 Rxd5 17. Qc1 Rd7 18. Qf4+ e5 19. Qd2 Nd4 20. Bxd4 Rxd4 21. a5 f5 22. Ng5 Bxg2 23. Kxg2 Qd5+ 24. Kg1 Be7 25. Nf3 e4 26. Nxd4 Qxd4 27. axb6 h6 28. Qa5 Kb7 29. Qxa6+ 1-0

[Event "Gipuzkoa-ch"]
[Site "San Sebastian"]
[Date "2011.10.08"]
[Round "1"]
[White "Uriarte Prieto, Goyo"]
[Black "Zubia Aramburu, Mikel"]
[Result "1-0"]
[WhiteElo "2017"]
[BlackElo "1791"]
[PlyCount "123"]
[EventDate "2011.10.08"]
[EventType "swiss"]
[EventRounds "7"]
[EventCountry "ESP"]
[SourceTitle "EXT 2024"]
[Source "ChessBase"]
[SourceDate "2023.10.10"]
[SourceVersion "1"]
[SourceVersionDate "2023.10.10"]
[SourceQuality "1"]

1. e4 c6 2. d4 d5 3. exd5 cxd5 4. Bd3 Nc6 5. c3 Nf6 6. Bf4 Bg4 7. Qb3 Qd7 8. Nd2 e6 9. Ngf3 Bxf3 10. Nxf3 Bd6 11. Bg3 Nh5 12. Ne5 Bxe5 13. Bxe5 Nxe5 14. dxe5 0-0 15. 0-0 Nf4 16. Bc2 Qc7 17. Rae1 Rac8 18. Bb1 b5 19. g3 Ng6 20. Bxg6 hxg6 21. Qxb5 Rb8 22. Qe2 Rb6 23. Rb1 Rfb8 24. Rfc1 Qc4 25. Qxc4 dxc4 26. Rc2 a5 27. b3 Rb5 28. Rcb2 a4 29. b4 Rxe5 30. Rd2 Rd5 31. Rxd5 exd5 32. Rd1 Rb5 33. f4 Kf8 34. Kf2 Ke7 35. Ke3 Kd6 36. Kd4 Rb8 37. Re1 f6 38. h4 Rh8 39. a3 Rb8 40. Re3 Rh8 41. Re1 Rb8 42. Ke3 Re8+ 43. Kd2 Rb8 44. h5 gxh5 45. f5 Rh8 46. Re6+ Kd7 47. Ra6 h4 48. gxh4 Rxh4 49. Rxa4 Rh2+ 50. Ke3 Rh3+ 51. Kd4 Rd3+ 52. Kc5 Rxc3 53. Ra7+ Ke8 54. Kxd5 Rf3 55. Kxc4 Rf4+ 56. Kb3 Rxf5 57. Rxg7 Rf3+ 58. Ka4 Rf5 59. b5 Rf1 60. b6 Rb1 61. b7 Kf8 62. Rc7 1-0

[Event "San Sebastian Gros op 21st"]
[Site "San Sebastian"]
[Date "2011.09.15"]
[Round "7"]
[White "Tung, Siu Hung"]
[Black "Zubia Aramburu, Mikel"]
[Result "0-1"]
[WhiteElo "1938"]
[BlackElo "1791"]
[PlyCount "44"]
[EventDate "2011.09.09"]
[EventType "swiss"]
[EventRounds "9"]
[EventCountry "ESP"]
[SourceTitle "CBM 144 Extra"]
[Source "ChessBase"]
[SourceDate "2011.10.28"]
[SourceVersion "1"]
[SourceVersionDate "2011.10.28"]
[SourceQuality "1"]

1. e4 c6 2. d4 d5 3. e5 Bf5 4. Nf3 e6 5. Be2 c5 6. c3 Nc6 7. 0-0 Rc8 8. a3 cxd4 9. cxd4 Be7 10. b4 g5 11. h3 h5 12. Nh2 g4 13. hxg4 hxg4 14. Bxg4 Bg5 15. Be3 Bxe3 16. fxe3 Qh4 17. Bxf5 Qxh2+ 18. Kf2 exf5 19. Nd2 Nh6 20. Ke2 Ng4 21. Kd3 Qxg2 22. Qf3 Ngxe5+ 0-1

[Event "San Sebastian Primavera de Gros 7th op"]
[Site "San Sebastian"]
[Date "2011.06.04"]
[Round "5.7"]
[White "Tung, Siu Hung"]
[Black "Zubia Aramburu, Mikel"]
[Result "1-0"]
[WhiteElo "1920"]
[BlackElo "1785"]
[PlyCount "57"]
[EventDate "2011.05.07"]
[EventType "swiss"]
[EventRounds "7"]
[EventCountry "ESP"]
[SourceTitle "EXT 2024"]
[Source "ChessBase"]
[SourceDate "2023.10.10"]
[SourceVersion "1"]
[SourceVersionDate "2023.10.10"]
[SourceQuality "1"]

1. e4 c6 2. d4 d5 3. e5 Bf5 4. g4 Be4 5. f3 Bg6 6. h4 h5 7. g5 e6 8. Ne2 c5 9. Nf4 Bf5 10. Bd3 Bxd3 11. Qxd3 cxd4 12. g6 Qc7 13. gxf7+ Qxf7 14. Ng6 Rh6 15. Bxh6 Nxh6 16. Nd2 Nf5 17. Rg1 Nc6 18. a3 Be7 19. 0-0-0 Bxh4 20. Nxh4 Nxh4 21. Qh7 0-0-0 22. Rxg7 Qf4 23. Rc7+ Kb8 24. Rxb7+ Ka8 25. Qc7 Qxe5 26. Qxc6 Qd6 27. Qxd6 Rxd6 28. Rh7 Nf5 29. Rg1 1-0

[Event "Gipuzkoa-ch Seniors"]
[Site "Donostia"]
[Date "2010.12.29"]
[Round "4.1"]
[White "Zubia Aramburu, Mikel"]
[Black "Tung, Siu Hung"]
[Result "1-0"]
[WhiteElo "1812"]
[BlackElo "1910"]
[PlyCount "81"]
[EventDate "2010.12.22"]
[EventType "swiss"]
[EventRounds "5"]
[EventCountry "ESP"]
[SourceTitle "EXT 2024"]
[Source "ChessBase"]
[SourceDate "2023.10.10"]
[SourceVersion "1"]
[SourceVersionDate "2023.10.10"]
[SourceQuality "1"]

1. c4 e5 2. Nf3 Nc6 3. Nc3 Bb4 4. Qc2 Bxc3 5. Qxc3 d6 6. g3 Nge7 7. Bg2 0-0 8. 0-0 a5 9. a3 h6 10. d4 Ng6 11. e3 Bd7 12. b3 Qc8 13. Bb2 Bh3 14. dxe5 dxe5 15. Nd2 Bxg2 16. Kxg2 f5 17. f4 Rf7 18. Rad1 Qe6 19. Nf3 Re8 20. Rd5 Nge7 21. Rxe5 Nxe5 22. Nxe5 Rf6 23. Qxa5 Nc6 24. Qxc7 Re7 25. Qb6 Qc8 26. Qc5 Rfe6 27. Nxc6 bxc6 28. Be5 Qd7 29. Bd4 Rf7 30. a4 Qb7 31. b4 Rfe7 32. Kf2 Qa8 33. a5 Qa6 34. Rd1 Rf7 35. Rd3 Qa8 36. Be5 Qc8 37. b5 Rd7 38. Rd4 Rxd4 39. exd4 Qb7 40. d5 cxd5 41. Qxd5 1-0

[Event "Gipuzkoa-ch Seniors"]
[Site "Donostia"]
[Date "2010.12.28"]
[Round "3.2"]
[White "Aizpurua Zufiria, Inaki"]
[Black "Zubia Aramburu, Mikel"]
[Result "0-1"]
[WhiteElo "1601"]
[BlackElo "1812"]
[PlyCount "48"]
[EventDate "2010.12.22"]
[EventType "swiss"]
[EventRounds "5"]
[EventCountry "ESP"]
[SourceTitle "EXT 2024"]
[Source "ChessBase"]
[SourceDate "2023.10.10"]
[SourceVersion "1"]
[SourceVersionDate "2023.10.10"]
[SourceQuality "1"]

1. d4 d5 2. Nf3 Nf6 3. e3 c5 4. b3 Nc6 5. a3 cxd4 6. exd4 Bg4 7. Be2 e6 8. 0-0 Rc8 9. b4 Bd6 10. Bb2 0-0 11. Nbd2 Ne7 12. Rc1 Ng6 13. Ne5 Bf5 14. c4 Nf4 15. c5 Bxe5 16. dxe5 Ne4 17. Nxe4 dxe4 18. Bc4 Qg5 19. g3 Rcd8 20. h4 Qg6 21. Bd4 Bg4 22. Qd2 Nd3 23. Bxd3 Rxd4 24. Bxe4 Qxe4 0-1

[Event "Gipuzkoa-ch Seniors"]
[Site "Donostia"]
[Date "2010.12.27"]
[Round "2.4"]
[White "Zubia Aramburu, Mikel"]
[Black "Portugal Sarasola, Martin"]
[Result "1-0"]
[WhiteElo "1812"]
[BlackElo "1563"]
[PlyCount "81"]
[EventDate "2010.12.22"]
[EventType "swiss"]
[EventRounds "5"]
[EventCountry "ESP"]
[SourceTitle "EXT 2024"]
[Source "ChessBase"]
[SourceDate "2023.10.10"]
[SourceVersion "1"]
[SourceVersionDate "2023.10.10"]
[SourceQuality "1"]

1. c4 c5 2. Nc3 e5 3. Nf3 Nc6 4. g3 Nf6 5. Bg2 d6 6. 0-0 Be7 7. d3 Bd7 8. a3 a5 9. Nb5 Qb6 10. Bg5 Na7 11. a4 Nxb5 12. axb5 Qd8 13. Bd2 b6 14. Bc3 Rb8 15. e3 Be6 16. Ng5 Bg4 17. Qd2 Nd7 18. Nf3 Be6 19. b3 Bf6 20. Qb2 0-0 21. Nd2 Bf5 22. d4 Re8 23. Bc6 e4 24. Qc2 Qe7 25. Rae1 Bh3 26. Nxe4 Bxf1 27. Rxf1 cxd4 28. Nxf6+ gxf6 29. Bxd4 Kg7 30. Qf5 Red8 31. Bxd7 Rxd7 32. Qg5+ Kf8 33. Bxf6 Rbd8 34. Qg7+ Ke8 35. Bxe7 Rxe7 36. Qxh7 Kd7 37. Rd1 Kc7 38. Qd3 Red7 39. Qd5 Kb8 40. Qc6 Ka7 41. b4 1-0